书目信息 |
| 题名: |
电磁波基本方程组
|
|
| 作者: | 宋文淼 , 张晓娟 , 徐诚 著 | |
| 分册: | ||
| 出版信息: | 北京 科学出版社 2003.10 |
|
| 页数: | 187页 | |
| 开本: | 26cm | |
| 丛书名: | ||
| 单 册: | ||
| 中图分类: | O441.4 | |
| 科图分类: | ||
| 主题词: | 电磁波--方程组 , 电磁波 , 方程组 | |
| 电子资源: | ||
| ISBN: | 7-03-011313-6 | |
| 000 | 00839nam0 2200277 45 | |
| 001 | 012003000000 | |
| 005 | 20050112145515.97 | |
| 010 | @a7-03-011313-6@dCNY 30.00 | |
| 100 | @a20040302d2003 ekmy0chiy0121 ea | |
| 101 | 0 | @achi |
| 102 | @aCN@b110000 | |
| 105 | @aak z 000yy | |
| 200 | 1 | @a电磁波基本方程组@Adian ci bo ji ben fang cheng zu@e现代电磁场理论的工程应用基础@f宋文淼, 张晓娟, 徐诚著 |
| 210 | @a北京@c科学出版社@d2003.10 | |
| 215 | @a187页@c图, 表格@d26cm | |
| 320 | @a本书末含参考文献(第186-187页) | |
| 517 | 1 | @a现代电磁场理论的工程应用基础 |
| 606 | 0 | @a电磁波@x方程组 |
| 606 | 0 | @a电磁波 |
| 606 | 0 | @a方程组 |
| 690 | @aO441.4@v4 | |
| 701 | 0 | @a宋文淼@Asong wen miao@4著 |
| 701 | 0 | @a张晓娟@Azhang xiao juan@4著 |
| 701 | 0 | @a徐诚@Axu cheng@4著 |
| 801 | 0 | @aCN@bQSSKw@c20050112 |
| 905 | @a10447@dO441.4@eS782 | |
| 电磁波基本方程组:现代电磁场理论的工程应用基础/宋文淼, 张晓娟, 徐诚著.-北京:科学出版社,2003.10 |
| 187页:图, 表格;26cm |
| ISBN 7-03-011313-6:CNY 30.00 |
| ● |
| 相关链接 |
|
|
|
正题名:电磁波基本方程组
索取号:O441.4/S782
 
预约/预借
| 序号 | 登录号 | 条形码 | 馆藏地/架位号 | 状态 | 备注 |
| 1 | 436496 | 204364963 | 自科库401/401自科库 58排6列2层/ [索取号:O441.4/S782] | 在馆 | |
| 2 | 436497 | 204364972 | 自科库401/401自科库 58排6列2层/ [索取号:O441.4/S782] | 在馆 | |
| 3 | 436498 | 204364981 | 自科库401/401自科库 58排6列2层/ [索取号:O441.4/S782] | 在馆 |